| 000 | 01206cam a2200253 i 4500 | ||
|---|---|---|---|
| 003 | SA-RiAUC | ||
| 005 | 20250531171054.0 | ||
| 008 | 250530s1966____le g 00000 ara c | ||
| 040 |
_aSA-JeALM _bara _cSA-RiAUC _erda |
||
| 082 | 0 | 4 | _a810.9 |
| 090 |
_a810.9 _bج ا ح |
||
| 100 | 1 |
_aالجاحظ، عمرو بن بحر بن محبوب، _d163-255 هجري _eمؤلف. |
|
| 245 | 1 | 0 |
_aكتاب التبصر بالتجارة / _cتأليف عمرو بن بحر الجاحظ ؛ تحقيق حسن حسني عبد الوهاب. |
| 246 | 3 | 0 | _aالتبصر بالتجارة في وصف ما يستظرف في البلدان من الأمتعة الرفيعة والأعلاق النفيسة والجواهر الثمينة |
| 264 | 1 |
_aبيروت : _bدار الكتاب الجديد، _c1966 |
|
| 300 |
_a56 صفحة ؛ _c25 سم |
||
| 336 |
_aنص _btxt _2rdacontent _3كتاب |
||
| 337 |
_aبدون وسيط _bn _2rdamedia |
||
| 338 |
_aمجلد _bnc _2rdacarrier |
||
| 650 | 7 |
_aالأدب العربي _xتاريخ ونقد _yالعصر العباسي _2aucsh |
|
| 700 | 1 |
_aعبد الوهاب، حسن حسني، _d1884-1968 _eمحقق. |
|
| 942 |
_2ddc _cBOOK _n0 |
||
| 949 |
_aSA-JeALM _d250530 _umohamedma123 _n1 |
||
| 999 |
_c8584 _d8584 |
||